|
|
|
|
| LEADER |
00589cam a2200145 7i4500 |
| 001 |
0000030226 |
| 005 |
20130924090000.0 |
| 090 |
0 |
0 |
|a P 665.5025
|b GAS
|
| 245 |
0 |
0 |
|a Gas & Oil Expo North America 2013 :
|b official event guide.
|
| 260 |
0 |
0 |
|a Canada:
|b DMG Events (Canada) Inc.,
|c 2013.
|
| 300 |
# |
# |
|a 68 p.
|
| 650 |
0 |
0 |
|a Petroleum industry and trade --
|x Directories --
|y 2013 --
|z United States of America
|
| 650 |
0 |
0 |
|a Gas industry and trade --
|x Directories --
|y 2013 --
|z United States of America
|
| 651 |
0 |
0 |
|a United States of Americ
|
| 999 |
|
|
|a 0000033081
|b Directories
|c Products
|e Business Information Centre
|